WSZYSTKIE SMAKI RISO - Statystyki

Ogólne statystyki
  • Ten quiz został rozwiązany 4 razy
  • Średni wynik to 12 z 20
Statystyki odpowiedzi
Rodzaj Smak % Poprawnych
Original Czekolada
100%
Zero Czekolada
100%
Protein Czekolada
100%
Vegan Czekolada
100%
Vegan Malina
100%
Tropicana Malina
100%
Original Truskawka
100%
Original Wiśnia
100%
Zero Wiśnia
100%
Zero Cynamon
67%
Original Karmel
67%
Original Natural
33%
Original Pistacja
33%
Original Wanilia
33%
Protein Wanilia
33%
Vegan Wanilia
33%
Tropicana Brzoskwinia
0%
Tropicana Czekolada banan
0%
Original Czekolada-orzech laskowy
0%
Zero Klasyczny
0%
Nie znaleziono quizów pasujących do podanych kryteriów
Rozkład punktacji
Procent ludzi z każdym wynikiem
Percentyl według liczby udzielonych odpowiedzi
Twoja historia wyników
Nie rozwiązałeś tego quizu